Score 0/30 Timer 20:00
0 Plays Today
% Correct
George Lopez
61.6%
The Nanny
52.3%
Spongebob Squarepants
48.4%
iCarly
48.4%
Full House
41.5%
Family Matters
39.9%
Home Improvement
36.8%
The Fresh Prince of Bel-Air
36%
Drake And Josh
31.8%
Malcolm in the Middle
27.9%
The Fairly Oddparents
24.8%
True Jackson,VP
22.9%
Zoey 101
19%
Back at the Barnyard
16.7%
The Penguins of Madagascar
16.7%
% Correct
Jimmy Neutron
16.3%
Glenn Martin DDS
12%
Mighty B
12%
The Amanda Show
10.5%
All Grown Up
10.1%
H2O
9.7%
Ned's Declassified
9.7%
The Troop
9.3%
Danny Phantom
8.5%
Avatar
7.4%
Just Jordan
7%
Tak & the Power of Juju
6.6%
Rocket Power
5.8%
Spectacular
5%
Naked Brothers Band
4.3%

You're not logged in!

Compare scores with friends on all Sporcle quizzes.
OR
Log In

Sporcle TV

Today on Sporcle TV


Watch our educational content, quiz creation guides, and fun videos on Sporcle TV.

Show Comments

Extras

Created Sep 26, 2009ReportNominate
Tags:Show Quiz, nick, nite

Top Quizzes Today


Score Distribution

Paid Content

Your Account Isn't Verified!

In order to create a playlist on Sporcle, you need to verify the email address you used during registration. Go to your Sporcle Settings to finish the process.

Report this User

Report this user for behavior that violates our Community Guidelines.

Details: